Brilliant communication skills.
| Main Author: | |
|---|---|
| Format: | Book |
| Published: |
Harlow, England:
Pearson,
2015.
|
| Edition: | Rejacketed ed.. |
| Subjects: |
| LEADER | 00481cam a2200169 7i4500 | ||
|---|---|---|---|
| 001 | 0000032513 | ||
| 005 | 20150907090000.0 | ||
| 020 | 0 | 0 | |a 9781292081076 |
| 090 | 0 | 0 | |a B 153.6 |b HAS |
| 100 | 1 | 0 | |a Hasson, Gill |
| 245 | 1 | 0 | |a Brilliant communication skills. |
| 250 | 0 | 0 | |a Rejacketed ed.. |
| 260 | 0 | 0 | |a Harlow, England: |b Pearson, |c 2015. |
| 300 | # | # | |a 178 pages. |
| 650 | 0 | 0 | |a Business communication |
| 650 | 0 | 0 | |a Interpersonal communication |
| 999 | |a B000036671 |b Book |c Book |e Business Information Centre | ||


